| 000 | 00717cab a22002055a 4500 | ||
|---|---|---|---|
| 001 | L148871 | ||
| 008 | 091118e20091017xxk f 000 0 eng d | ||
| 035 | _a(Sirsi) u148871 | ||
| 041 | 0 | _aeng | |
| 100 | 1 | _aEdwards, Simon | |
| 245 | 0 | 0 | _aPutting a squeeze on valuations |
| 260 | _c2009 | ||
| 490 |
_aEstates Gazette _v(941) 17 October 2009, 111(1) |
||
| 520 | _aExplains that the Landlord and Tenant Act 1927 S18 limits the amount landlords can claim for disrepair. Highlights that the recession can affect the level of what can be obtained. | ||
| 590 | _aKA | ||
| 650 | 2 | 4 | _aLANDLORD AND TENANT ACT 1927 S18 |
| 651 | 4 |
_aUnited Kingdom _y |
|
| 690 | _aPROPERTY-LANDLORD AND TENANT-DILAPIDATIONS | ||
| 942 | _n0 | ||
| 999 |
_c81982 _d81982 |
||